[Event "2. Bundesliga West 2013/14"]
[Site "Salzburg"]
[Date "2014.01.19"]
[Round "8"]
[Board "2"]
[White "Bertagnolli, Alexander"]
[Black "Mittelberger, Peter"]
[Result "*"]
[WhiteElo "2333"]
[BlackElo "2264"]
[PlyCount "69"]
[EventDate "2013.10.18"]
[EventType "team"]
[EventRounds "11"]
[EventCountry "AUT"]
[WhiteTeam "Kufstein / Woergl"]
[BlackTeam "Dornbirn"]

1.d4 Nf6 2.Bg5 g6 3.Bxf6 exf6 4.g3 Bg7 5.Bg2 O-O 6.e3 f5 7.Ne2 d6 8.c4 Nd7 9.Nbc3
Rb8 10.a4 a5 11.Rb1 b6 12.Nf4 Bb7 13.Bxb7 Rxb7 14.Qf3 Rb8 15.Nb5 Nf6 16.Qc6 Rc8 17.h4
Qe8 18.Na7 Ra8 19.Qxe8 Nxe8 20.Nc6 f6 21.d5 Rf7 22.Ne6 Rd7 23.f4 Bf8 24.Kf2 Ng7 25.Ned4
Re8 26.b4 axb4 27.Rxb4 Kf7 28.Ra1 g5 29.a5 bxa5 30.Rxa5 Kg6 31.Rb7 Kh5 32.Kf3 gxh4
33.gxh4 Kxh4 34.Ra1 Kh5 35.Rg1

[Event "2. Bundesliga West 2013/14"]
[Site "Salzburg"]
[Date "2014.01.19"]
[Round "8"]
[Board "3"]
[White "Leutwyler, Martin"]
[Black "Neuschmied, Siegfried"]
[Result "*"]
[WhiteElo "2159"]
[BlackElo "2221"]
[PlyCount "53"]
[EventDate "2013.10.18"]
[EventType "team"]
[EventRounds "11"]
[EventCountry "AUT"]
[WhiteTeam "Dornbirn"]
[BlackTeam "Kufstein / Woergl"]

1.d4 Nf6 2.Nf3 g6 3.c4 Bg7 4.Nc3 d6 5.e4 O-O 6.h3 e5 7.d5 Na6 8.Be3 Nc5 9.Nd2 a5 10.g4
c6 11.Be2 Bd7 12.h4 a4 13.a3 Qa5 14.Kf1 Rfb8 15.h5 Ne8 16.hxg6 fxg6 17.g5 Qd8 18.Kg2
Nc7 19.Rh2 Qe7 20.Qh1 Bh8 21.Rh6 Be8 22.Bg4 Nd7 23.Bxd7 Bxd7 24.Qh4 Rf8 25.Rh1 Rf7
26.Rxg6+ Rg7 27.Qxh7+

[Event "2. Bundesliga West 2013/14"]
[Site "Salzburg"]
[Date "2014.01.19"]
[Round "8"]
[Board "4"]
[White "Steinbacher, Thomas"]
[Black "Novkovic, Julia"]
[Result "0-1"]
[WhiteElo "2116"]
[BlackElo "2110"]
[PlyCount "66"]
[EventDate "2013.10.18"]
[EventType "team"]
[EventRounds "11"]
[EventCountry "AUT"]
[WhiteTeam "Kufstein / Woergl"]
[BlackTeam "Dornbirn"]

1.d4 g6 2.e4 Bg7 3.Nc3 c5 4.dxc5 Qa5 5.Bd2 Qxc5 6.Bd3 d6 7.Nf3 Bd7 8.Nd5 Nf6 9.Bc3
Ng4 10.O-O Bxc3 11.Nxc3 Nc6 12.Nd5 Nce5 13.Nxe5 dxe5 14.Qd2 e6 15.Nc3 f5 16.Rad1 O-O-O
17.Qg5 h6 18.Qxg6 Rhg8 19.Qh5 Rg5 20.Qh3 Rdg8 21.Be2 Bc6 22.Bf3 Be8 23.Bxg4 Rxg4 24.Kh1
Qe7 25.g3 fxe4 26.Qxh6 R8g5 27.Rfe1 e3 28.Rxe3 Rh5 29.Nd5 exd5 30.Rc3+ Kb8 31.Qd2
d4 32.Rb3 Bc6+ 33.Kg1 Rxh2 0-1

[Event "2. Bundesliga West 2013/14"]
[Site "Salzburg"]
[Date "2014.01.19"]
[Round "8"]
[Board "5"]
[White "Scheffknecht, Philipp"]
[Black "Anibas, Juergen"]
[Result "0-1"]
[WhiteElo "2124"]
[BlackElo "1989"]
[PlyCount "46"]
[EventDate "2013.10.18"]
[EventType "team"]
[EventRounds "11"]
[EventCountry "AUT"]
[WhiteTeam "Dornbirn"]
[BlackTeam "Kufstein / Woergl"]

1.Nf3 Nf6 2.c4 c6 3.g3 d5 4.Qc2 g6 5.Bg2 Bg7 6.O-O O-O 7.d3 dxc4 8.Qxc4 Be6 9.Qh4
Bg4 10.Nc3 Nbd7 11.Ng5 h6 12.Nge4 g5 13.Nxg5 hxg5 14.Bxg5 Ne5 15.Be4 Nxe4 16.Bxe7
Qd7 17.Nxe4 Bxe2 18.Nf6+ Bxf6 19.Qxf6 Nf3+ 20.Kg2 Qd5 21.Bxf8 Ne1+ 22.Kh3 Qh5+ 23.Qh4
Bg4# 0-1

[Event "2. Bundesliga West 2013/14"]
[Site "Salzburg"]
[Date "2014.01.19"]
[Round "8"]
[Board "6"]
[White "Atzl, Florian"]
[Black "Gsteu, Peter"]
[Result "*"]
[WhiteElo "1824"]
[BlackElo "2146"]
[PlyCount "75"]
[EventDate "2013.10.18"]
[EventType "team"]
[EventRounds "11"]
[EventCountry "AUT"]
[WhiteTeam "Kufstein / Woergl"]
[BlackTeam "Dornbirn"]

1.e4 c5 2.Nf3 d6 3.d4 cxd4 4.Nxd4 Nf6 5.Nc3 g6 6.f4 Bg7 7.e5 Ng8 8.Bb5+ Kf8 9.O-O
Nh6 10.Be3 d5 11.Nf3 e6 12.Ne4 Bd7 13.Bxd7 Nxd7 14.Nd6 Nf5 15.Nxf5 gxf5 16.c3 Kg8
17.Qb3 Qc7 18.Rac1 Nb6 19.Bxb6 Qxb6+ 20.Qxb6 axb6 21.a3 Ra4 22.Nd4 Bf8 23.Rf3 Bc5
24.Kf1 Kg7 25.Rg3+ Kf8 26.Rh3 Ke7 27.b4 Bxd4 28.cxd4 Rd8 29.Rcc3 Rd7 30.Rxh7 Ra8 31.h4
Rg8 32.h5 Kd8 33.h6 Re7 34.Rg7 Ree8 35.Rxf7 Re7 36.Rc8+ Kxc8 37.Rxe7 Rh8 38.h7

[Event "2. Bundesliga West 2013/14"]
[Site "Salzburg"]
[Date "2014.01.19"]
[Round "8"]
[Board "1"]
[White "Zimmermann, Ulrich"]
[Black "Votava, Jan"]
[Result "*"]
[WhiteElo "2272"]
[BlackElo "2524"]
[PlyCount "84"]
[EventDate "2013.10.18"]
[EventType "team"]
[EventRounds "11"]
[EventCountry "AUT"]
[WhiteTeam "Rochade Rum"]
[BlackTeam "Zillertal"]

1.d4 Nf6 2.c4 e6 3.g3 d5 4.Bg2 Bb4+ 5.Nd2 O-O 6.Ngf3 b6 7.O-O Bb7 8.Ne5 Nbd7 9.Qa4
Bxd2 10.Bxd2 Nxe5 11.dxe5 Nd7 12.Bc3 Nc5 13.Qc2 dxc4 14.Bxb7 Nxb7 15.Rfd1 Qe8 16.Qe4
Nc5 17.Qxc4 Qa4 18.Qxa4 Nxa4 19.Bb4 c5 20.Ba3 Rfc8 21.Rac1 c4 22.Rd7 b5 23.b3 Nb6
24.Rb7 h5 25.Rc3 Rab8 26.Rxb8 Rxb8 27.Bc5 Nd5 28.Rc1 cxb3 29.axb3 Rc8 30.Kf1 Nb4 31.Ke1
Na6 32.Be3 Rxc1+ 33.Bxc1 Nc5 34.b4 Na6 35.Bd2 Kh7 36.e4 Nb8 37.Ke2 Nc6 38.Bc3 g5 39.h3
g4 40.hxg4 hxg4 41.Kd3 Kg6 42.Ke3 Kg5

[Event "2. Bundesliga West 2013/14"]
[Site "Salzburg"]
[Date "2014.01.19"]
[Round "8"]
[Board "2"]
[White "Hausner, Ivan"]
[Black "Pogan, Nikolas"]
[Result "*"]
[WhiteElo "2378"]
[BlackElo "2293"]
[PlyCount "73"]
[EventDate "2013.10.18"]
[EventType "team"]
[EventRounds "11"]
[EventCountry "AUT"]
[WhiteTeam "Zillertal"]
[BlackTeam "Rochade Rum"]

1.c4 c5 2.Nf3 b6 3.Nc3 Bb7 4.e3 Nf6 5.d4 e6 6.d5 exd5 7.cxd5 d6 8.Be2 g6 9.O-O Bg7
10.e4 O-O 11.Nd2 Re8 12.Qc2 a6 13.a4 Nxd5 14.exd5 Bxc3 15.bxc3 Rxe2 16.c4 Nd7 17.Rb1
Qe7 18.Qc3 Re8 19.Nf3 Qe4 20.Rb2 Qf5 21.Be3 Rxb2 22.Qxb2 Re4 23.Nd2 Re8 24.h3 Qd3
25.Re1 f6 26.Kh2 Re7 27.Qb1 Qxb1 28.Rxb1 Kf7 29.a5 b5 30.cxb5 axb5 31.Rxb5 Bxd5 32.a6
Ne5 33.Rb6 Rd7 34.f4 Nc6 35.Nb1 Nb4 36.Na3 Ra7 37.Rxd6

[Event "2. Bundesliga West 2013/14"]
[Site "Salzburg"]
[Date "2014.01.19"]
[Round "8"]
[Board "3"]
[White "Heinzel, Olaf"]
[Black "Platzgummer, Fabian"]
[Result "0-1"]
[WhiteElo "2366"]
[BlackElo "2314"]
[PlyCount "72"]
[EventDate "2013.10.18"]
[EventType "team"]
[EventRounds "11"]
[EventCountry "AUT"]
[WhiteTeam "Rochade Rum"]
[BlackTeam "Zillertal"]

1.d4 d5 2.Bf4 Nf6 3.e3 c5 4.Nc3 cxd4 5.exd4 a6 6.Nf3 Bg4 7.h3 Bh5 8.g4 Bg6 9.Ne5 Ne4
10.Nxe4 Bxe4 11.f3 Bg6 12.h4 f6 13.Nxg6 hxg6 14.h5 gxh5 15.gxh5 g5 16.Bg3 e6 17.f4
f5 18.Qe2 Kf7 19.O-O-O g4 20.c4 Nc6 21.Bg2 Rc8 22.Kb1 Ne7 23.c5 Qd7 24.Rh2 Ng8 25.Rdh1
Nf6 26.h6 Ne4 27.Bxe4 dxe4 28.Be1 Rh7 29.Bc3 Qd5 30.Rh5 Be7 31.Qh2 Rch8 32.Rg1 Rg8
33.b3 Rg6 34.Rh1 Bf8 35.Qh4 e3 36.Kc1 Rgxh6 0-1

[Event "2. Bundesliga West 2013/14"]
[Site "Salzburg"]
[Date "2014.01.19"]
[Round "8"]
[Board "4"]
[White "Tabernig, Bernhard"]
[Black "Hoellrigl, Wilfried"]
[Result "*"]
[WhiteElo "2350"]
[BlackElo "2183"]
[PlyCount "63"]
[EventDate "2013.10.18"]
[EventType "team"]
[EventRounds "11"]
[EventCountry "AUT"]
[WhiteTeam "Zillertal"]
[BlackTeam "Rochade Rum"]

1.d4 Nf6 2.c4 g6 3.Nc3 Bg7 4.e4 d6 5.Nf3 O-O 6.Be2 Nbd7 7.O-O e5 8.Be3 Ng4 9.Bg5 f6
10.Bh4 Nh6 11.dxe5 dxe5 12.Qc2 c6 13.b4 Qe7 14.a3 Re8 15.c5 Nf8 16.h3 g5 17.Bg3 f5
18.exf5 Nxf5 19.Bc4+ Kh8 20.Rae1 Ng6 21.Ne4 h6 22.Nd6 Nxd6 23.cxd6 Qf6 24.Nd2 Bf5
25.Ne4 Qf8 26.Qb3 Nf4 27.Nc5 b6 28.Bxf4 exf4 29.Rxe8 Qxe8 30.Ne6 b5 31.Nxg7 bxc4 32.Qc3

[Event "2. Bundesliga West 2013/14"]
[Site "Salzburg"]
[Date "2014.01.19"]
[Round "8"]
[Board "5"]
[White "Hengl, Christian"]
[Black "Kupfner, Franz"]
[Result "*"]
[WhiteElo "2214"]
[BlackElo "2178"]
[PlyCount "63"]
[EventDate "2013.10.18"]
[EventType "team"]
[EventRounds "11"]
[EventCountry "AUT"]
[WhiteTeam "Rochade Rum"]
[BlackTeam "Zillertal"]

1.e4 c5 2.Nf3 Nc6 3.d4 cxd4 4.Nxd4 Nf6 5.Nc3 d6 6.f3 e5 7.Nb3 Be7 8.Be3 O-O 9.Qd2
a5 10.Bb5 Be6 11.Rd1 Rc8 12.O-O Nb4 13.a3 Na6 14.Qf2 Qc7 15.Bb6 Qb8 16.Nxa5 Nc5 17.Nd5
Nxd5 18.exd5 Bf5 19.Nc4 Bd7 20.Bxd7 Nxd7 21.Ba7 Qc7 22.Nb6 Nxb6 23.Bxb6 Qxc2 24.Qxc2
Rxc2 25.Rf2 Rfc8 26.Be3 f5 27.Rxc2 Rxc2 28.Rd2 Rc1+ 29.Kf2 Kf7 30.Rd3 Rc2+ 31.Rd2
Rc1 32.Rd3

[Event "2. Bundesliga West 2013/14"]
[Site "Salzburg"]
[Date "2014.01.19"]
[Round "8"]
[Board "6"]
[White "Schiestl, Josef"]
[Black "Jedinger, Andreas"]
[Result "*"]
[WhiteElo "2102"]
[BlackElo "2169"]
[PlyCount "53"]
[EventDate "2013.10.18"]
[EventType "team"]
[EventRounds "11"]
[EventCountry "AUT"]
[WhiteTeam "Zillertal"]
[BlackTeam "Rochade Rum"]

1.e4 e5 2.Bc4 Nc6 3.Nf3 Bc5 4.d3 Nf6 5.c3 a6 6.Bb3 Ba7 7.h3 d6 8.Nbd2 O-O 9.Nf1 d5
10.Qe2 Qd6 11.Bg5 d4 12.Ng3 h6 13.Bd2 b5 14.O-O dxc3 15.bxc3 b4 16.cxb4 Rb8 17.Bc3
Nd4 18.Nxd4 Bxd4 19.Bxd4 Qxd4 20.Rac1 Rxb4 21.Rxc7 Be6 22.Nf5 Qb6 23.Rc6 Qb7 24.Bxe6
fxe6 25.Rxe6 Rb2 26.Qe3 Rxa2 27.Re7

[Event "2. Bundesliga West 2013/14"]
[Site "Salzburg"]
[Date "2014.01.19"]
[Round "8"]
[Board "1"]
[White "Roth, Peter"]
[Black "Panteleev, Petar"]
[Result "0-1"]
[WhiteElo "2191"]
[BlackElo "2306"]
[PlyCount "112"]
[EventDate "2013.10.18"]
[EventType "team"]
[EventRounds "11"]
[EventCountry "AUT"]
[WhiteTeam "ASK Salzburg 1"]
[BlackTeam "Schwaz"]

1.e4 c5 2.Nf3 d6 3.Nc3 Nf6 4.d4 cxd4 5.Qxd4 Nc6 6.Bb5 Bd7 7.Bxc6 Bxc6 8.Bg5 e6 9.O-O-O
Be7 10.Qd3 Qa5 11.h4 h6 12.Bd2 Qa6 13.Nd4 Qxd3 14.cxd3 Bd7 15.f3 h5 16.Bg5 a6 17.Kd2
b5 18.Rc1 O-O 19.Rc2 Rfc8 20.Rhc1 Bd8 21.Nce2 Ba5+ 22.Kd1 Rxc2 23.Rxc2 Kh7 24.Ng3
Bb6 25.Nde2 Bd8 26.Nf4 g6 27.d4 e5 28.dxe5 dxe5 29.Nd3 Be6 30.b3 Nd7 31.Bxd8 Rxd8
32.Rd2 Ra8 33.Kc2 a5 34.Kb2 Rc8 35.Rc2 Rxc2+ 36.Kxc2 Kh6 37.Ne2 g5 38.hxg5+ Kxg5 39.Kd2
f5 40.exf5 Bxf5 41.Ke3 h4 42.Nc3 Bxd3 43.Kxd3 Kf4 44.Ne4 Nb6 45.Nd6 Nd5 46.Ke2 Nc3+
47.Kf2 Nxa2 48.Nxb5 Nc1 49.Nc3 Nxb3 50.Ne2+ Kf5 51.g4+ Kg5 52.Nc3 Nc5 53.Kg2 a4 54.Kh3
a3 55.Kg2 Nd3 56.Na2 Kf4 0-1

[Event "2. Bundesliga West 2013/14"]
[Site "Salzburg"]
[Date "2014.01.19"]
[Round "8"]
[Board "2"]
[White "Fuchs, Georg"]
[Black "Harringer, Franz"]
[Result "*"]
[WhiteElo "2230"]
[BlackElo "2264"]
[PlyCount "105"]
[EventDate "2013.10.18"]
[EventType "team"]
[EventRounds "11"]
[EventCountry "AUT"]
[WhiteTeam "Schwaz"]
[BlackTeam "ASK Salzburg 1"]

1.e4 Nf6 2.e5 Nd5 3.d4 d6 4.c4 Nb6 5.exd6 cxd6 6.Bd3 Nc6 7.Ne2 g6 8.O-O Bg7 9.Be3
O-O 10.a3 Bg4 11.f3 Bf5 12.Bxf5 Nxc4 13.Bf2 gxf5 14.Qc2 d5 15.Qxf5 Nxb2 16.Nbc3 e6
17.Qg4 f5 18.Qh5 Nc4 19.Rfe1 f4 20.Qg4 Qf6 21.Rab1 Rf7 22.Na4 b6 23.Rb3 Re8 24.Nb2
N6a5 25.Nxc4 Nxc4 26.Nc3 Kf8 27.a4 Qg6 28.Qxg6 hxg6 29.h4 Rfe7 30.Kh2 Ne3 31.Nb5 Nf5
32.Rb2 Rc8 33.Kh3 Bf6 34.Kg4 Rc4 35.Kxf4 a6 36.Na3 Rxa4 37.Nc2 b5 38.h5 gxh5 39.g4
hxg4 40.fxg4 Nxd4 41.Nxd4 Bxd4 42.Bxd4 Rxd4+ 43.Ke5 Rxg4 44.Ra1 Rg5+ 45.Kd6 Rg6 46.Rc2
Kf7 47.Rf1+ Rf6 48.Rxf6+ Kxf6 49.Rf2+ Kg5 50.Kxe7 e5 51.Ke6 e4 52.Kxd5 e3 53.Rf3

[Event "2. Bundesliga West 2013/14"]
[Site "Salzburg"]
[Date "2014.01.19"]
[Round "8"]
[Board "3"]
[White "Juergens, Klaus"]
[Black "Blaas, Hansjoerg"]
[Result "*"]
[WhiteElo "2140"]
[BlackElo "2261"]
[PlyCount "63"]
[EventDate "2013.10.18"]
[EventType "team"]
[EventRounds "11"]
[EventCountry "AUT"]
[WhiteTeam "ASK Salzburg 1"]
[BlackTeam "Schwaz"]

1.Nf3 c5 2.c4 Nc6 3.d4 cxd4 4.Nxd4 g6 5.e4 Bg7 6.Be3 Nf6 7.Nc3 Ng4 8.Qxg4 Nxd4 9.Qd1
Nc6 10.Rc1 d6 11.Be2 Be6 12.O-O O-O 13.f4 f5 14.exf5 gxf5 15.b3 Qa5 16.Qd2 Rad8 17.Rfd1
Bf7 18.Bf3 Rd7 19.Nd5 Qxd2 20.Rxd2 Rfd8 21.Nc3 e6 22.Nb5 a6 23.Nd4 Nxd4 24.Bxd4 Bxd4+
25.Rxd4 e5 26.fxe5 dxe5 27.Rxd7 Rxd7 28.Rd1 Rxd1+ 29.Bxd1 Kg7 30.Kf2 Kf6 31.g3 a5
32.Bf3

[Event "2. Bundesliga West 2013/14"]
[Site "Salzburg"]
[Date "2014.01.19"]
[Round "8"]
[Board "4"]
[White "Gruber, Michael"]
[Black "Scheiblmaier, Robert"]
[Result "*"]
[WhiteElo "2205"]
[BlackElo "2184"]
[PlyCount "108"]
[EventDate "2013.10.18"]
[EventType "team"]
[EventRounds "11"]
[EventCountry "AUT"]
[WhiteTeam "Schwaz"]
[BlackTeam "ASK Salzburg 1"]

1.e4 e6 2.d4 d5 3.Nd2 Nf6 4.Bd3 c5 5.e5 Nfd7 6.c3 b6 7.Ne2 Ba6 8.Bxa6 Nxa6 9.O-O Nc7
10.Nf4 Be7 11.Qg4 g6 12.Re1 c4 13.Nf3 Nb8 14.h4 h5 15.Qg3 Nc6 16.Nh3 Kd7 17.Nfg5 Qg8
18.b3 b5 19.bxc4 bxc4 20.Rb1 Qg7 21.Qf3 Rhf8 22.Qd1 Rab8 23.Rxb8 Rxb8 24.Qa4 Rb5 25.Qc2
Qg8 26.Bf4 Rb6 27.Rb1 Bxg5 28.Nxg5 Ke7 29.Bc1 Rxb1 30.Qxb1 Qb8 31.Ba3+ Ke8 32.Qc1
Qb7 33.Nh7 Nb5 34.Bc5 Kd7 35.a4 Nc7 36.Ng5 Nd8 37.Qf4 Qb1+ 38.Kh2 Qf5 39.Qxf5 exf5
40.Bxa7 Nce6 41.Nxe6 Nxe6 42.Bb6 Kc6 43.Ba5 Nf4 44.Kg3 Nd3 45.Kf3 Nb2 46.Kf4 Kd7 47.f3
Nxa4 48.g4 fxg4 49.fxg4 hxg4 50.Kxg4 Ke6 51.Kf4 Nb2 52.Kg4 Nd3 53.Kg5 Nf2 54.Bb4 Ne4+

[Event "2. Bundesliga West 2013/14"]
[Site "Salzburg"]
[Date "2014.01.19"]
[Round "8"]
[Board "5"]
[White "Besner, Bernhard"]
[Black "Kondrak, Christof"]
[Result "*"]
[WhiteElo "2201"]
[BlackElo "2165"]
[PlyCount "103"]
[EventDate "2013.10.18"]
[EventType "team"]
[EventRounds "11"]
[EventCountry "AUT"]
[WhiteTeam "ASK Salzburg 1"]
[BlackTeam "Schwaz"]

1.e4 b6 2.d4 Bb7 3.Bd3 g6 4.Nf3 Bg7 5.O-O d6 6.Re1 e6 7.Bg5 Ne7 8.Qd2 O-O 9.Bh6 Re8
10.Nc3 Bh8 11.Qf4 Qd7 12.Bb5 c6 13.Ba4 Na6 14.Re3 Nc8 15.e5 Ne7 16.g4 Nd5 17.Nxd5
exd5 18.Rae1 Nc7 19.c3 Ne6 20.Qg3 b5 21.Bc2 dxe5 22.Nxe5 Qc7 23.f4 Bg7 24.Bxg7 Nxg7
25.f5 gxf5 26.Bxf5 f6 27.Nd7 Qxg3+ 28.hxg3 Rxe3 29.Rxe3 Kf7 30.Nc5 Bc8 31.Rf3 h6 32.Bd7
Bxd7 33.Nxd7 Ke7 34.Nc5 a5 35.Kf2 b4 36.Re3+ Kd6 37.Nb7+ Kd7 38.Nc5+ Kd6 39.Rf3 Ke7
40.a3 bxa3 41.bxa3 Rb8 42.Re3+ Kf7 43.Re2 Rb1 44.a4 Rc1 45.Re3 Ra1 46.Ke2 Ra2+ 47.Kd3
Ne8 48.Nb7 Rxa4 49.Nd8+ Kg8 50.Ne6 Kf7 51.Nd8+ Kg8 52.Ne6

[Event "2. Bundesliga West 2013/14"]
[Site "Salzburg"]
[Date "2014.01.19"]
[Round "8"]
[Board "6"]
[White "Binder, Moriz"]
[Black "Loeffler, Christoph"]
[Result "*"]
[WhiteElo "2044"]
[BlackElo "2167"]
[PlyCount "113"]
[EventDate "2013.10.18"]
[EventType "team"]
[EventRounds "11"]
[EventCountry "AUT"]
[WhiteTeam "Schwaz"]
[BlackTeam "ASK Salzburg 1"]

1.d4 d5 2.c4 e6 3.Nc3 Nf6 4.cxd5 exd5 5.Bg5 c6 6.e3 Bf5 7.Qf3 Bg6 8.Nh3 Qb6 9.Qe2
Ne4 10.Nxe4 Bxe4 11.a3 f6 12.Bf4 g5 13.Bg3 Nd7 14.f3 Bg6 15.Qd2 O-O-O 16.Nf2 Re8 17.O-O-O
Bxa3 18.Nd3 Bf8 19.Re1 h5 20.h4 Bh6 21.hxg5 Bxg5 22.Nf4 Bxf4 23.Bxf4 Qb3 24.Qc3 Qxc3+
25.bxc3 Nf8 26.g3 Bf5 27.Bg2 Ne6 28.e4 Nxf4 29.gxf4 Bd7 30.Bh3 Re7 31.e5 Bxh3 32.Rxh3
Kd7 33.Reh1 Reh7 34.f5 h4 35.Rg1 Rf8 36.e6+ Kd6 37.Rg4 Rh5 38.Rgxh4 Rxf5 39.Rh7 Kxe6
40.Rxb7 Rf7 41.Rxf7 Kxf7 42.Rh7+ Ke6 43.Rxa7 Rxf3 44.Kd2 Rh3 45.Rc7 Kd6 46.Rf7 Rh6
47.Ke3 c5 48.dxc5+ Kxc5 49.Rf8 Kd6 50.Rc8 Rh4 51.Rd8+ Ke6 52.Kd3 Rc4 53.Rh8 Rc6 54.Kd4
Rc4+ 55.Kd3 Rc7 56.Kd4 Rc4+ 57.Kd3

[Event "2. Bundesliga West 2013/14"]
[Site "Salzburg"]
[Date "2014.01.19"]
[Round "8"]
[Board "1"]
[White "Brumen, Dinko"]
[Black "Burschowsky, Matthias"]
[Result "*"]
[WhiteElo "2358"]
[BlackElo "2186"]
[PlyCount "105"]
[EventDate "2013.10.18"]
[EventType "team"]
[EventRounds "11"]
[EventCountry "AUT"]
[WhiteTeam "Schwarzach"]
[BlackTeam "Pradl"]

1.d4 Nf6 2.Bg5 c5 3.Bxf6 gxf6 4.d5 Qb6 5.Qc1 Bh6 6.e3 d6 7.Nd2 Qc7 8.Bd3 Nd7 9.f4
Nb6 10.c4 f5 11.Qd1 Bg7 12.Rb1 e6 13.Ne2 exd5 14.Ng3 Qe7 15.Qe2 dxc4 16.Bxf5 c3 17.Nde4
Kf8 18.Bxc8 Rxc8 19.Nxc3 Bxc3+ 20.bxc3 Nd5 21.O-O Rg8 22.Qf3 Qxe3+ 23.Qxe3 Nxe3 24.Rfe1
Re8 25.Rxb7 Rg4 26.Rxa7 Rxf4 27.a4 Rc4 28.Ne2 Ng4 29.h3 Ne5 30.Rf1 Rb8 31.Rf4 Rb1+
32.Kh2 Rb2 33.Rxc4 Nxc4 34.Nf4 Ne3 35.a5 Ra2 36.a6 d5 37.Kg3 d4 38.cxd4 cxd4 39.Kf3
Kg7 40.g4 Kf6 41.Ke4 Ra4 42.Nd3 h5 43.gxh5 Kg5 44.Nc5 f5+ 45.Kd3 Ra3+ 46.Kxd4 Nc2+
47.Kc4 Kxh5 48.Ra8 f4 49.a7 f3 50.Ne4 Ne3+ 51.Kb4 Nc2+ 52.Kc5 Ra5+ 53.Kb6

[Event "2. Bundesliga West 2013/14"]
[Site "Salzburg"]
[Date "2014.01.19"]
[Round "8"]
[Board "2"]
[White "Meier, Alexander"]
[Black "Roeberg, Frank"]
[Result "*"]
[WhiteElo "2165"]
[BlackElo "2226"]
[PlyCount "50"]
[EventDate "2013.10.18"]
[EventType "team"]
[EventRounds "11"]
[EventCountry "AUT"]
[WhiteTeam "Pradl"]
[BlackTeam "Schwarzach"]

1.e4 e5 2.Nf3 Nc6 3.Bc4 Nf6 4.d3 Bc5 5.c3 O-O 6.Bg5 h6 7.Bh4 Be7 8.Bb3 d6 9.Nbd2 Nh5
10.Bg3 Nxg3 11.hxg3 Na5 12.Bc2 c5 13.Nf1 Bg5 14.Nxg5 Qxg5 15.Qh5 Qxh5 16.Rxh5 Nc6
17.Ne3 Be6 18.O-O-O Ne7 19.Bb3 a5 20.g4 Bxb3 21.axb3 f6 22.Nf5 Nc8 23.Ne3 Ne7 24.Nf5
Nc8 25.Ne3 Ne7

[Event "2. Bundesliga West 2013/14"]
[Site "Salzburg"]
[Date "2014.01.19"]
[Round "8"]
[Board "3"]
[White "Mikulic, Oliver"]
[Black "Lins, Philipp"]
[Result "*"]
[WhiteElo "2132"]
[BlackElo "2067"]
[PlyCount "101"]
[EventDate "2013.10.18"]
[EventType "team"]
[EventRounds "11"]
[EventCountry "AUT"]
[WhiteTeam "Schwarzach"]
[BlackTeam "Pradl"]

1.e4 d6 2.d4 Nf6 3.Bd3 e5 4.c3 d5 5.dxe5 Nxe4 6.Bxe4 dxe4 7.Qxd8+ Kxd8 8.Bg5+ Be7
9.Bxe7+ Kxe7 10.Nd2 Nd7 11.Nxe4 Nxe5 12.O-O-O Bf5 13.f3 Rad8 14.Ne2 Nd3+ 15.Kc2 Nf2
16.Rxd8 Rxd8 17.Re1 Nxe4 18.Nd4 Bg6 19.fxe4 c6 20.b4 f6 21.a4 Bf7 22.Kd3 g6 23.a5
a6 24.c4 Be6 25.Kc3 Kf7 26.Nb3 Ke7 27.Nc5 Bc8 28.Rb1 Re8 29.Rd1 Kf7 30.b5 cxb5 31.cxb5
axb5 32.Kb4 Re7 33.Kxb5 Rc7 34.Rd6 Ke7 35.Rb6 Kf7 36.Kc4 Ke7 37.Kd5 Kf7 38.Kd6 Re7
39.Rb2 Ke8 40.a6 b5 41.Rxb5 Kf7 42.Rb7 Bxb7 43.axb7 Re8 44.Nd7 Re6+ 45.Kd5 Re7 46.b8=Q
Rxd7+ 47.Kc6 Re7 48.Qb3+ Kg7 49.Kd6 Re5 50.Qb7+ Kh6 51.h4

[Event "2. Bundesliga West 2013/14"]
[Site "Salzburg"]
[Date "2014.01.19"]
[Round "8"]
[Board "4"]
[White "Praxmarer, Christian"]
[Black "Ljubic, Juro"]
[Result "0-1"]
[WhiteElo "1989"]
[BlackElo "2227"]
[PlyCount "92"]
[EventDate "2013.10.18"]
[EventType "team"]
[EventRounds "11"]
[EventCountry "AUT"]
[WhiteTeam "Pradl"]
[BlackTeam "Schwarzach"]

1.f4 d5 2.Nf3 g6 3.g3 Bg7 4.Bg2 Nc6 5.O-O Bg4 6.c3 Qd7 7.b4 a6 8.Qa4 b5 9.Qb3 Nh6
10.d4 Bxf3 11.Bxf3 Nxd4 12.Qd1 Nxf3+ 13.Rxf3 O-O 14.Rd3 c6 15.e4 Rad8 16.Be3 Qc7 17.e5
f6 18.a4 Ra8 19.e6 Nf5 20.Bc5 Nd6 21.Nd2 f5 22.Bd4 Bxd4+ 23.cxd4 a5 24.bxa5 Rxa5 25.Nb3
Rxa4 26.Rxa4 bxa4 27.Nc5 Ra8 28.Ra3 Nc4 29.Rxa4 Rxa4 30.Qxa4 Qc8 31.Nd7 Qb7 32.Qa1
h5 33.Kg2 Kh7 34.Kh3 Qb5 35.Qa3 c5 36.Kh4 Qc6 37.Qa7 Kg7 38.Nxc5 Qd6 39.Ne4 fxe4 40.f5
gxf5 41.Kxh5 Qxe6 42.Kg5 e3 43.Qa1 e2 44.Qe1 Qe3+ 45.Kxf5 Qf3+ 46.Kg5 Qf1 0-1

[Event "2. Bundesliga West 2013/14"]
[Site "Salzburg"]
[Date "2014.01.19"]
[Round "8"]
[Board "5"]
[White "Stoeckl, Norbert"]
[Black "Nedelchev, Nikolay"]
[Result "*"]
[WhiteElo "2086"]
[BlackElo "2045"]
[PlyCount "49"]
[EventDate "2013.10.18"]
[EventType "team"]
[EventRounds "11"]
[EventCountry "AUT"]
[WhiteTeam "Schwarzach"]
[BlackTeam "Pradl"]

1.e4 d6 2.d4 g6 3.Nc3 Bg7 4.Be3 a6 5.Bd3 Nd7 6.Nf3 b5 7.Qd2 Bb7 8.Ne2 Ngf6 9.Ng3 Ng4
10.Bg5 h6 11.Bh4 c5 12.h3 Ngf6 13.e5 dxe5 14.dxe5 Nh7 15.e6 Ndf8 16.exf7+ Kxf7 17.O-O-O
g5 18.Nf5 Bxf3 19.gxf3 e6 20.Nxg7 gxh4 21.Rhg1 Ng5 22.Nh5 Ng6 23.f4 c4 24.Qc3 cxd3
25.Qg7+

[Event "2. Bundesliga West 2013/14"]
[Site "Salzburg"]
[Date "2014.01.19"]
[Round "8"]
[Board "6"]
[White "Riha, Alexander"]
[Black "Hajdarevic, Dino"]
[Result "0-1"]
[WhiteElo "2037"]
[BlackElo "2098"]
[PlyCount "44"]
[EventDate "2013.10.18"]
[EventType "team"]
[EventRounds "11"]
[EventCountry "AUT"]
[WhiteTeam "Pradl"]
[BlackTeam "Schwarzach"]

1.d4 Nf6 2.c4 e6 3.Nc3 Bb4 4.f3 d5 5.a3 Bxc3+ 6.bxc3 O-O 7.cxd5 exd5 8.Bg5 h6 9.Bh4
Nbd7 10.g4 Re8 11.Bg3 Nb6 12.Kf2 Qe7 13.Qc1 Bxg4 14.fxg4 Nxg4+ 15.Ke1 Qe4 16.Nf3 Qxf3
17.Rg1 Re3 18.h3 Rae8 19.Ra2 Rxc3 20.Qf4 Qe3 21.Qxe3 Nxe3 22.Kf2 Nbc4 0-1

[Event "2. Bundesliga West 2013/14"]
[Site "Salzburg"]
[Date "2014.01.19"]
[Round "8"]
[Board "1"]
[White "Serafimov, Tervel"]
[Black "Medvegy, Zoltan"]
[Result "*"]
[WhiteElo "2425"]
[BlackElo "2516"]
[PlyCount "87"]
[EventDate "2013.10.18"]
[EventType "team"]
[EventRounds "11"]
[EventCountry "AUT"]
[WhiteTeam "Bregenz"]
[BlackTeam "Ranshofen"]

1.Nf3 c5 2.c4 Nc6 3.Nc3 g6 4.e3 Nf6 5.d4 cxd4 6.exd4 d5 7.b3 Bg7 8.Be2 dxc4 9.bxc4
Ng4 10.Be3 Nxe3 11.fxe3 e5 12.d5 Qa5 13.Qd2 Ne7 14.Nb5 Qxd2+ 15.Kxd2 O-O 16.Rab1 Bf5
17.Rb3 Rfd8 18.Nc3 b6 19.e4 Bg4 20.Kc2 Nc8 21.Nb5 Nd6 22.Nxd6 Rxd6 23.Rhb1 Rc8 24.Ra3
Rc7 25.Kd2 Bh6+ 26.Ke1 Bxf3 27.Rxf3 Bf8 28.g4 Kg7 29.Kf1 Rf6 30.Rxf6 Kxf6 31.Kg2 Ke7
32.Rb3 Kd6 33.Rb5 Bh6 34.Kf3 Bf4 35.h3 f6 36.Bd3 Bd2 37.Rb2 Bc1 38.Rb1 Bg5 39.a4 Kc5
40.Rb5+ Kd6 41.a5 Rc5 42.axb6 Rxb5 43.cxb5 axb6 44.Kg3

[Event "2. Bundesliga West 2013/14"]
[Site "Salzburg"]
[Date "2014.01.19"]
[Round "8"]
[Board "2"]
[White "Konnyu, Janos"]
[Black "Graf, Felix"]
[Result "*"]
[WhiteElo "2314"]
[BlackElo "2482"]
[PlyCount "43"]
[EventDate "2013.10.18"]
[EventType "team"]
[EventRounds "11"]
[EventCountry "AUT"]
[WhiteTeam "Ranshofen"]
[BlackTeam "Bregenz"]

1.e4 e6 2.d4 d5 3.Nd2 Nf6 4.e5 Nfd7 5.Bd3 c5 6.c3 Nc6 7.Ne2 cxd4 8.cxd4 f6 9.exf6
Nxf6 10.Nf3 Bd6 11.Bf4 O-O 12.O-O Ne4 13.Bxd6 Qxd6 14.Bxe4 dxe4 15.Nd2 Qd5 16.Nc3
Qxd4 17.Ndxe4 Qxd1 18.Raxd1 e5 19.Nd5 Bf5 20.Nd6 Rad8 21.Nxf5 Rxf5 22.Ne7+